| 000 | 00611nam a2200181 i 4500 | ||
|---|---|---|---|
| 001 | 80688 | ||
| 003 | ES-MaACL | ||
| 007 | t| | ||
| 008 | 041029s1988 pr ||||1| spa d | ||
| 100 | 1 |
_aHostos, Eugenio María de, _d1839-1903 _964302 |
|
| 245 | 1 | 0 |
_aAmérica _b: la lucha por la libertad / _cEugenio María de Hostos ; estudio preliminar por Manuel Maldonado-Denis. |
| 260 |
_aSan Juan de Puerto Rico : _bEd. Compromiso, _c1988. |
||
| 500 | _aIndice. | ||
| 504 | _aBibliografía. | ||
| 700 | 1 |
_aMaldonado Denis, Manuel. _975726 |
|
| 852 |
_aES-MaACL _jG-4021 _bR.115359 |
||
| 999 |
_c80688 _d80688 |
||